Beaufort of the Admiralty (Record no. 89607)

MARC details
000 -LEADER
fixed length control field 00768cam a2200241 4500
001 - CONTROL NUMBER
control field i9780091285005
008 - FIXED-LENGTH DATA ELEMENTS--GENERAL INFORMATION
fixed length control field 071126s1977 xxka f 00 0beng
020 ## - INTERNATIONAL STANDARD BOOK NUMBER
International Standard Book Number 0091285003
035 ## - SYSTEM CONTROL NUMBER
System control number (Sirsi) u31597
041 ## - LANGUAGE CODE
Language code of text/sound track or separate title eng
050 ## - LIBRARY OF CONGRESS CALL NUMBER
Classification number 920 $2 18
100 ## - MAIN ENTRY--PERSONAL NAME
Personal name Friendly, Alfred
245 00 - TITLE STATEMENT
Title Beaufort of the Admiralty
Remainder of title the life of Sir Francis Beaufort 1774-1857
260 ## - PUBLICATION, DISTRIBUTION, ETC.
Place of publication, distribution, etc. London
Name of publisher, distributor, etc. Hutchinson
Date of publication, distribution, etc. 1977
300 ## - PHYSICAL DESCRIPTION
Extent 362p., 8p. of plates
Other physical details ill.
Dimensions 24cm.
350 ## - PRICE (NR) (BK AM CF MU VM SE) [OBSOLETE]
Price 7.50
520 ## - SUMMARY, ETC.
Summary, etc. Biography of the hydrographer Sir Francis Beaufort.
600 14 - SUBJECT ADDED ENTRY--PERSONAL NAME
Personal name Beaufort, Francis
Dates associated with a name 1774-1857
651 #4 - SUBJECT ADDED ENTRY--GEOGRAPHIC NAME
Geographic name United Kingdom
Chronological subdivision
690 ## - LOCAL SUBJECT ADDED ENTRY--TOPICAL TERM (OCLC, RLIN)
Topical term or geographic name as entry element ENVIRONMENTAL AND LAND CONSULTANCY-GEOMATICS-HYDROGRAPHIC SURVEYING-HYDROGRAPHIC SURVEYORS
942 ## - ADDED ENTRY ELEMENTS (KOHA)
Suppress in OPAC 0
948 ## - LOCAL PROCESSING INFORMATION (OCLC); SERIES PART DESIGNATOR (RLIN)
c (OCLC) 04/03/1997
Holdings
Withdrawn status Lost status Source of classification or shelving scheme Damaged status Not for loan Home library Current library Shelving location Date acquired Cost, normal purchase price Total Checkouts Full call number Barcode Date last seen Copy number Cost, replacement price Price effective from Koha item type
    Dewey Decimal Classification     London London Books 14/09/1999 7.50   920 FRI 30017488 06/08/2019 1 7.50 06/08/2019 Book